Statistiken für Rheinland-Pfalz - Quiz

Klicken Sie hier um das Quiz zu spielen!

Allgemein

  • Dieses Quiz wurde 5.252 mal gespielt
  • Das Durchschnittsergebnis liegt bei 9 aus 20

Antwortstatistiken

HinweisAntwort% Korrekt
HauptstadtMainz
97%
Größter FlussRhein
97%
Zweitgrößter Fluss
Bekannt für seine Steilhänge und seinen Wein
Mosel
83%
Mit der Konstantinsbasilika, der Porta Nigra und den Kaiserthermen finden sich in dieser Stadt zahlreiche Relikte aus römischer ZeitTrier
82%
Stadt in der die oben abgefragten Flüsse zusammenfließenKoblenz
73%
Längste permanente Rennstrecke der WeltNürburgring
61%
MinisterpräsidentinMalu Dreyer
47%
Der oben gefragte Berg ist Teil dieses MittelgebirgesHunsrück
41%
Größte erhaltene romanische Kirche der Welt{Speyer}er Dom
39%
Pfälzer Spezialität
Leibspeiße Helmut Kohls
Saumagen
37%
Stadt in der 1521 die Reichsacht über Martin Luther verhängt wurdeWorms
36%
Der oben gefragte See liegt in diesem Teil der EifelVulkaneifel
29%
Rechtsrheinisches MittelgebirgeWesterwald
24%
Gebiet rund um die Landeshauptstadt
Bekannt für ihren Wein und ihre zahlreichen Baudenkmäler
Rheinhessen
22%
Große Versammlung der Nationalliberalen Bewegung
1832 bei Neustadt an der Weinstraße
Hambacher Fest
21%
Größter SeeLaacher See
20%
Weitere Grenzflüsse zu LuxemburgSauer | Our
17%
Höchster BergErbeskopf
16%
Berüchtigter Räuber aus dem Hunsrück
1779-1803
Schinderhannes
13%
Während dieses Krieges verheerten französische Truppen weite Teile von Rheinland-Pfalz und schleiften einen Großteil der Burgen
1688-1697
Pfälzischer Erbfolgekrieg
7%

Verteilung der Resultate

Perzentil nach korrekt beantworteten Fragen

Anzahl Personen mit jedem Resultat

Ihre Resultats-Entwicklung

Sie haben dieses Quiz noch nicht gespielt